| 000 | 02022cam a22005174i 4500 | ||
|---|---|---|---|
| 003 | PE-LiUPU | ||
| 005 | 20250731172836.0 | ||
| 008 | 150825s2011 miua rb 001 0 eng d | ||
| 020 | _a9780825438967 | ||
| 035 | _a(Sirsi) i9780825438967 | ||
| 040 |
_aPE-LiUPU _bspa _cPE-LiUPU _erda |
||
| 049 | _aPRUA | ||
| 082 | 0 | 4 |
_a236.9 _bS31 _222 |
| 100 | 1 |
_aSchnabel, Eckhard J., _eautor. |
|
| 245 | 1 | 0 |
_a40 questions about the end times / _cEckhard Schnabel. |
| 246 | 3 | _aForty questions about the end times. | |
| 264 | 1 |
_aGrand Rapids, : _bKregel Academic & Professional, _c2011. |
|
| 300 |
_a345 páginas. : _bilustraciones. ; _c23 centímetros. |
||
| 336 |
_atext _2rdacontent |
||
| 337 |
_aunmediated _2rdamedia |
||
| 338 |
_avolume _2rdacarrier |
||
| 490 | 0 | _a40 questions series | |
| 504 | _aBibliografía : página 321. | ||
| 504 | _aÍndice : páginas 343-345. | ||
| 504 | _aÍndice de escrituras : páginas 323-342. | ||
| 505 | 0 | _aGeneral questions about the future -- The return of Jesus Christ -- The millennium and the last judgment -- Interpreting the end times. | |
| 526 | _aSEG42 | ||
| 526 | _aSEG41 | ||
| 526 | _aSEG40 | ||
| 526 | _aSEG39 | ||
| 526 | _aP94 | ||
| 526 | _aP87 | ||
| 526 | _aP86 | ||
| 526 | _aP85 | ||
| 526 | _aP77 | ||
| 526 | _aP76 | ||
| 526 | _aP35 | ||
| 650 | 4 |
_aFin del mundo _xMiscelanea. |
|
| 910 |
_acce _bjvq _ccce _d20150825 |
||
| 942 |
_2ddc _cBOOK |
||
| 949 |
_aPGT 236.9 S31 _wDEWEY _c1 _i71481 _d2016-3-28 _e2016-3-23 _lCCODEBUL1 _mBUL _n3 _p14.00 _q2 _r0 _sY _tBOOK _u2015-8-25 _xTEOLOGIA _PP85 _0COMPRA _o.CIRCNOTE. No olvidar cambiar la fecha de devolución!!!!!!! _o.STAFF. Posgrado |
||
| 994 |
_aC0 _bPEPRU |
||
| 596 | _a1 | ||
| 999 |
_aPGT 236.9 S31 _wDEWEY _c6983 _i71481 _d6983 _e2016-3-23 _f2021-11-10 _g5 _lCCODEBUL1 _mBUL _n3 _p14.00 _q3 _r0 _sY _tBOOK _u2015-8-25 _xTEOLOGIA _PP85 _0COMPRA _o.CIRCNOTE. No olvidar cambiar la fecha de devolución!!!!!!! _o.STAFF. Colección Teología |
||
| 980 |
_81 _gALBERTO SANCHEZ Responsable de Automatización |
||